[Event "Quebec-ch U20"]
[Site "Montreal"]
[Date "1988.03.05"]
[Round "5"]
[White "Primeau, Michel"]
[Black "St Pierre, Benoit"]
[Result "1-0"]
[WhiteElo "1777"]
[BlackElo "1968"]
[PlyCount "80"]
[EventDate "1988.03.03"]
[EventType "tourn"]
[EventRounds "7"]
[EventCountry "CAN"]
[SourceTitle "EXT 2022"]
[Source "ChessBase"]
[SourceDate "2021.10.06"]
[SourceVersion "1"]
[SourceVersionDate "2021.10.06"]
[SourceQuality "1"]

1. c4 Nf6 2. Nc3 d6 3. d4 Nbd7 4. e4 e5 5. Nf3 Be7 6. Be2 c6 7. 0-0 0-0 8. Qc2 Qc7 9. dxe5 dxe5 10. Rd1 Re8 11. h3 Nf8 12. Ne1 Ne6 13. Be3 Nd7 14. Bg4 Ndf8 15. Bxe6 Nxe6 16. Rac1 Bf8 17. Nf3 Qe7 18. Ne2 Qf6 19. Qc3 Nc5 20. Ng3 a5 21. b3 Nd7 22. c5 g6 23. Rd3 Nb8 24. Rcd1 h6 25. Nxe5 Na6 26. Nc4 Qxc3 27. Rxc3 a4 28. Nb6 Rb8 29. Bf4 Bxc5 30. Nxa4 Bb4 31. Rc2 Ra8 32. Nb6 Ra7 33. Be3 Be6 34. Nd5 cxd5 35. Bxa7 dxe4 36. Nxe4 Bf5 37. Nf6+ Kf8 38. Nxe8 Bxc2 39. Rc1 Bf5 40. Nc7 Ba3 1-0